00382 2200145 4500001002100000008004100021035002000062245005000082100002000132260003900152300001400191082000800205650001000213990001300223INLIS000000000001433 ind  a0010-0423001433 aKISAH LAMPAU WASIAT YANG ANEH DARI 1001 MALAM aMB.RAHIMSYAH.AR aSURABAYAbBINTANG USAHA JAYAc2003 ahlm.ccm. a200 aAGAMA a102217-1